000
00289nam a2200121Ia 4500
008
220204s9999 xx 000 0 und d
082
_a
311
_b
GOU
100
_a
Goulden, C H
245
0
_a
Methods of statistical analysis
250
_a
Ed.2
260
_a
Bombay
_b
Asia Pub
_c
1962
942
_c
BK
999
_c
20655
_d
20655